000 00452nam a2200169Ia 4500
008 230714s9999 xx 000 0 und d
020 _a9790000000000
041 _aeng
082 _a005.678
_bMIK
100 _aMika P.
_9199054
245 _aSocial Networks And The Semantic Web
260 _c2007
_bSpringer
300 _a234
365 _cRs.
_b675.00
700 _aMika P.
_9199054
906 _dO:0512822-Jun-2016B:IN 17017-Jun-2016
_cCOMP
_b337.5
999 _c217829
_d217829